000 01171nam a22003737a 4500
001 0008178
003 KOHA_MİRAKIL
005 20260207001625.0
007 ta
008 091009b1974 tu |||gr||||#||||0|tur |
020 _cTL3
040 _aTR-BiSEU
_btur
_cTR-BiSEU
_erda
041 0 _atur
044 _ctu
050 _aKKX285
_b.O54 1974
100 1 _aOngan, Halit.
245 1 _aAnkara'nın iki numaralı şer'iye sicili :
_b1 Muharrem 997-8 Ramazan 998 (20 Kasım 1588-11 Temmuz 1590)/
_cHalit Ongan ; Halit Ongan.
264 1 _aAnkara :
_bTürk Tarih Kurumu Basımevi
_c1974
300 _aXIV, 222 sayfa; 24 cm.
336 _ametin
_btxt
_2rdacontent
337 _aaracısız
_bn
_2rdamedia
338 _acilt
_bnc
_2rdacarrier
490 1 _aTürk Tarih Kurumu yayınlarından.
490 1 _aXIV.
490 1 _aDizi-sa ;
_v4.
500 _aDizin var.
650 0 _aCourt records--Turkey--Ankara.
_920289
650 0 _aCourts, Islamic--Turkey.
_920290
650 0 _aIslamic law--Turkey--History.
_920291
830 1 _aTürk Tarih Kurumu yayınlarından.
_920292
830 1 _aXIV.
_920293
830 1 _aDizi-sa ;
_v4.
_97220
942 _2lcc
_cBK
999 _c8151
_d8151